MDQL
is popping MORE tags! Check the
thread
!
Quizzes
Events
Quiz Creation
Community
Videos
Private Events
Remove Ads
Sign In
Join for FREE
Feedback
Dark Mode
Quiz Categories
Sports
Geography
Music
Movies
Television
Just For Fun
Miscellaneous
History
Literature
Language
Science
Gaming
Entertainment
Religion
Holiday
For Kids
Quiz Lab
Recent
Popular Today
Quiz Kudos Today
Editor Picks
Curator Picks
Quizzes by...
Day
Popularity
Type
Ratings
Length
Year
Community
Subscriptions
Recent Discussions
Orange Saloon
Badges
Playlists
Quests
Create
Leaderboards
Showdown
Live 5
Trivia Bingo
Activity
Puzzle Library
Sporcle Events
Private Events
Virtual Trivia
Globe League
Become a Host
Pub Owners
SporcleCon
Opinionation
Our Games
Videos
Blog
Mobile Apps
Partnerships
Remove Ads and Go Orange
Feedback
Sports
Athletes
MLB
NBA
NHL
NFL
Soccer
Sports Teams
WWE
NCAA
Football
Premier League
Basketball
Baseball
Hockey
Golf
Tennis
Cricket
Rugby
Auto Racing
Olympics
World Cup
Sports
Athletes
MLB
NBA
NHL
NFL
Soccer
Sports Teams
WWE
NCAA
Football
Premier League
Basketball
Baseball
Hockey
Golf
Tennis
Cricket
Rugby
Auto Racing
Olympics
World Cup
Random Quiz
Search Sporcle
×
Quiz Lab
Quiz Lab
Sports
statistic
Type in answers that appear in a list
Type in answers that appear in a list
Classic
Best Score? Go Orange.
Dallas Cowboys Quarterbacks Stats
Can you name the Dallas Cowboys Quarterbacks?
By
touchdowntommy
10m
33 Questions
464 Plays
464 Plays
464 Plays
Comments
Comments
Give Quiz Kudos
Give Quiz Kudos
-
- Ratings
hide this ad
Replay
Link that replays current quiz
Next Quiz
Link to next quiz in quiz playlist
You Got
0%
They Got
Avg Score
47%
Avg Friend Score
Upgrade to see
Score Distribution
Jump to the score distribution portion of the page
Score
0/33
Timer
10:00
0
Plays Today
Year
Player
% Correct
2006-
2009
Tony Romo
97.2%
1989-
2000
Troy Aikman
94.6%
2005-
2006
Drew Bledsoe
90.3%
1969-
1979
Roger Staubach
88.1%
2001-
2003
Quincy Carter
83.2%
2004
Vinny Testaverde
80%
2007-
2008
Brad Johnson
80%
1976-
1988
Danny White
74.4%
2001
Ryan Leaf
73.5%
2004
Drew Henson
67.9%
2000
Randall Cunningham
62.7%
1960-
1968
Don Meredith
59.1%
1993-
1999
Jason Garrett
58.2%
1965-
1974
Craig Morton
52.6%
2002-
2003
Chad Hutchinson
52.4%
1993
Bernie Kosar
50.4%
1989-
1990
Steve Walsh
40.9%
Year
Player
% Correct
1994
Rodney Peete
37.5%
2000-
2001
Anthony Wright
37.3%
1995-
1997
Wade Wilson
33.2%
1982-
1985
Gary Hogeboom
33%
1991-
1992
Steve Beuerlein
32.3%
1975
Clint Longley
31.7%
2000-
2001
Clint Stoerner
30.8%
1960-
1963
Eddie LeBaron
26.5%
1985-
1988
Steve Pelluer
21.8%
1990
Babe Laufenberg
20%
1980-
1981
Glenn Carano
11.6%
1987-
1988
Kevin Sweeney
10.6%
1986
Reggie Collier
9.1%
1965-
1967
Jerry Rhome
7.8%
1960
Don Heinrich
3.7%
1964
John Roach
3%
Quiz Playlist
Details
Report
Send in Message
Add To Playlist
Classic:
Type in answers that appear in a list
Last Updated: Feb 16, 2017
Quiz Scoreboard
CHALLENGE
Sign Up to Join the Scoreboard
Show All
Scores
Hide
Comments
May contain spoilers
Recently Published
5x2 Blitz: Bands
by SL_Kpop136
Music
30s
Colored Red Africa Blitz
by spor1
Geography
30s
Find the 'City' Movie
by crazypaving
Movies
60s
More to Explore
Quiz From the Vault
Featured Blog Post
14 Easter Pick-up Lines to Find Eggs With
hide this ad
You Might Also Like...
Tags
Cowboy
Dallas Cowboys
Player
Quarterbacks
statistic
Today's Top Quizzes in Sports
Browse Sports
hide this ad
Today's Top Quizzes in statistic
Browse statistic
Top Contributed Quizzes in Sports
1
Les entraîneurs de l'OM et du PSG au 21e siècle
2
Les meilleurs buteurs des matchs entre le PSG et l’OM
3
Players with Multiple 50 Home Run Seasons
4
2022 World Cup Stars
5
Les joueurs passés par le PSG et l'OM
6
NBA Logic Puzzle 2.0
7
Criteria MLB: Left Handed Sluggers
8
MLB Players with Two .350 Batting Average Seasons
9
Top 10 NHL Goal Scorers of All Time
10
Who Hit More Homers?
Explore More
Trending Topics
Crossword
Disney
Harry Potter
Anime
NBA
Kpop
Marvel
Pokémon
Puzzle
Song
Country
Soccer
WWE
The Office
NFL
hide this ad
More By:
touchdowntommy
Quiz
Plays
Rating
Category
Featured
Created
Dallas Cowboys Quarterbacks
464
4.67
Sports
Jan 31, 2010
Go to Creator's Profile
Score Distribution
Quiz Creator Spotlight
touchdowntommy
Follow
Send a Message
Quizzes Created
-
Created Quiz Play Count
-
More By This Creator
Popular Quizzes Today
1
Colored Red Africa Blitz
2
Find the 'City' Movie
3
5x2 Blitz: Bands
4
Find the US States - No Outlines Minefield
5
The Countries of the World
6
Find the US States
7
US States
8
Find the Countries of Europe - No Outlines Minefield
More Sports Quizzes
ROTY and HOF (MLB)
Published
Trending Quizzes
Colored Red Europe Blitz I
Colored Red Europe Blitz II
Colored Red Africa Blitz II
Colored Red Europe Blitz III
Colored Red Africa Blitz III
Recently Updated
How Do You Spell That?
pecheneg
Godzilla Movies
pecheneg
Grab Bag: 4-10 Letters
pecheneg
2024 March Madness Bracket
pecheneg
Famous TV Couples
Peacemaker
Champions League XIs: Real Madrid
pecheneg
Largest US Cities 1790-2010
pecheneg
Rides in Walt Disney World
pecheneg
Most Oscar Losses (Acting)
pecheneg
Beyoncé Albums
pecheneg
Trending Topics
NBA
Disney
Kpop
Crossword
Anime
Marvel
Harry Potter
Pokémon
The Office
Soccer
WWE
NFL
Puzzle
Song
Country
Your Account Isn't Verified!
In order to create a playlist on Sporcle, you need to verify the email address you used during registration. Go to your
Sporcle Settings
to finish the process.
Report this User
Report this user for behavior that violates our
Community Guidelines
.
Details:
Send Report
Go to the Sporcle.com Mobile Site →
Comments